000
00255nam a2200121Ia 4500
008
190216s9999||||xx |||||||||||||| ||und||
100
_a
Meade J F
245
0
_a
Moonfleet
260
_b
Longmans
_c
1962
300
_a
111p
650
_a
English
942
_c
BK
999
_c
11781
_d
11781